| 000 | 00639nam a2200205 a 4500 | ||
|---|---|---|---|
| 001 | 000272972 | ||
| 003 | AM-YEHGA | ||
| 005 | 20250617164637.0 | ||
| 008 | 031016s1906 gs ||||gr|||||||||1|arm|d | ||
| 040 | _aAM-YeHGA | ||
| 041 | 0 | _aarm | |
| 100 | 1 | _aԼազեան, Լ. | |
| 245 | 1 | 0 |
_aԸնկեր : _b[Պատմւածք] / _cԼ. Լազեան. |
| 260 |
_aԹիֆլիս : _bտպ. Ս. Սողոմոնեանի : _b"Ծիածան"-ի հրատ., _c1906. |
||
| 300 |
_a72 էջ ; _c16 սմ. |
||
| 500 | _aԱրտատպած «Ընկեր»-ից | ||
| 650 | 1 | 4 |
_aՀայ գրականություն _xՊատմվածք |
| 942 |
_2udc _cBK |
||
| 090 | _c565012 | ||
| 999 |
_c527062 _d527062 |
||